000 00487nam a2200169 a 4500
001 000042691
005 20201002040330.0
008 140205s1971 ve 000 0 spa d
040 _aDO-SdBNP
_bspa
_cBNPHU
082 _axxx
_bD925d
100 1 _aDuno, Victoria
_969997
245 1 3 _aEl Desolvido /
_cVictoria Duno.
260 _aCaracas, Venezuela :
_bEdiciones Bárbara,
_c1971.
300 _a162 p. ;
_c19 cm.
490 1 _aRoja
_aLiteratura
_v15
830 0 _aRoja
_pLiteratura
_n15
_969998
999 _c42180
_d42180